000
00279nam a2200121Ia 4500
008
191201s2004 xx 000 0 und d
100
_a
LIKER, Jeffery K
245
4
_a
The Toyota Way
260
_a
N.Delhi
_b
TMH
_c
2004
300
_a
330
650
_a
General Books
942
_2
ddc
_c
BK
999
_c
3348
_d
3348